|
|
|
|
| LEADER |
00873naa a2200205 i 4500 |
| 001 |
acta68287 |
| 005 |
20260224081030.0 |
| 008 |
200428s2012 hu o 100 hun d |
| 020 |
|
|
|a 978-963-306-175-6
|
| 040 |
|
|
|a SZTE Egyetemi Kiadványok Repozitórium
|b hun
|
| 041 |
|
|
|a hun
|
| 100 |
1 |
|
|a Bartha Gábor
|
| 245 |
1 |
0 |
|a Dinamikus térinformatika és alkalmazása
|h [elektronikus dokumentum] /
|c Bartha Gábor
|
| 260 |
|
|
|c 2012
|
| 300 |
|
|
|a 402-405
|
| 490 |
0 |
|
|a Kockázat – konfliktus – kihívás : a VI. Magyar Földrajzi Konferencia, a MERIEXWA nyitókonferencia és a Geográfus Doktoranduszok Országos Konferenciájának Tanulmánykötete
|
| 695 |
|
|
|a Térinformatika
|
| 700 |
0 |
1 |
|a Kocsis Sándor
|e aut
|
| 710 |
|
|
|a Magyar Földrajzi Konferencia (6.) (2012) (Szeged)
|
| 856 |
4 |
0 |
|u http://acta.bibl.u-szeged.hu/68287/1/iv_foldrajzi_konferencia_402-405.pdf
|z Dokumentum-elérés
|